MDQL
is popping MORE tags! Check the
thread
!
Quizzes
Events
Quiz Creation
Community
Videos
Private Events
Remove Ads
Sign In
Join for FREE
Feedback
Dark Mode
Quiz Categories
Sports
Geography
Music
Movies
Television
Just For Fun
Miscellaneous
History
Literature
Language
Science
Gaming
Entertainment
Religion
Holiday
For Kids
Quiz Lab
Recent
Popular Today
Quiz Kudos Today
Editor Picks
Curator Picks
Quizzes by...
Day
Popularity
Type
Ratings
Length
Year
Community
Subscriptions
Recent Discussions
Orange Saloon
Badges
Playlists
Quests
Create
Leaderboards
Showdown
Live 5
Trivia Bingo
Activity
Puzzle Library
Sporcle Events
Private Events
Virtual Trivia
Globe League
Become a Host
Pub Owners
SporcleCon
Opinionation
Our Games
Videos
Blog
Mobile Apps
Partnerships
Remove Ads and Go Orange
Feedback
Sports
Athletes
MLB
NBA
NHL
NFL
Soccer
Sports Teams
WWE
NCAA
Football
Premier League
Basketball
Baseball
Hockey
Golf
Tennis
Cricket
Rugby
Auto Racing
Olympics
World Cup
Sports
Athletes
MLB
NBA
NHL
NFL
Soccer
Sports Teams
WWE
NCAA
Football
Premier League
Basketball
Baseball
Hockey
Golf
Tennis
Cricket
Rugby
Auto Racing
Olympics
World Cup
Random Quiz
Search Sporcle
×
Quiz Lab
Quiz Lab
Sports
NFL
Type in answers that appear in a list
Type in answers that appear in a list
Classic
Best Score? Go Orange.
Last Team Defeated in NFL Playoffs Stats
Can you name the last team each of these teams defeated in the NFL Playoffs?
By
theandswer
9m
32 Questions
652 Plays
652 Plays
652 Plays
Comments
Comments
Give Quiz Kudos
Give Quiz Kudos
-
- Ratings
hide this ad
Forced Order
Answers have to be entered in order
Answers have to be entered in order
Replay
Link that replays current quiz
Next Quiz
Link to next quiz in quiz playlist
You Got
0%
They Got
Avg Score
59%
Avg Friend Score
Upgrade to see
Score Distribution
Jump to the score distribution portion of the page
Score
0/32
Timer
09:00
0
Plays Today
Team
Team Defeated
% Correct
Cardinals
Packers
80.8%
Giants
Vikings
78.4%
Colts
Texans
77.3%
49ers
Cowboys
76.5%
Broncos
Panthers
73.5%
Chargers
Ravens
73.5%
Buccaneers
Eagles
73%
Bears
Seahawks
72.9%
Cowboys
Buccanneers
72.9%
Jets
Patriots
72.9%
Patriots
Rams
71.5%
Eagles
49ers
70.2%
Saints
Bears
64.3%
Steelers
Chiefs
63.2%
Ravens
Titans
62.9%
Texans
Bills
62.7%
Team
Team Defeated
% Correct
Packers
Seahawks
61.8%
Jaguars
Chargers
61.3%
Vikings
Saints
60.9%
Falcons
Rams
51.5%
Panthers
Cardinals
49.4%
Seahawks
Eagles
48.9%
Chiefs
Eagles
48.2%
Raiders
Titans
46.3%
Bengals
Bills
45.1%
Rams
Bengals
44.5%
Bills
Dolphins
43.6%
Titans
Ravens
42.3%
Lions
Cowboys
41%
Browns
Patriots
40%
Commanders
Buccaneers
40%
Dolphins
Colts
39.4%
Quiz Playlist
Details
Report
Send in Message
Add To Playlist
Classic:
Type in answers that appear in a list
Forced Order:
Answers have to be entered in order
Last Updated: Feb 13, 2023
Quiz Scoreboard
CHALLENGE
Sign Up to Join the Scoreboard
Show All
Scores
Hide
Comments
May contain spoilers
Recently Published
Holiday 10x10 Sorting Gallery
by lukepisani3
Holiday
15m
Two Season TV Shows II
by 123Four
Television
10m
Image Sorting: Flags VI
by Barbecue
Geography
2m
More to Explore
Quiz From the Vault
Featured Blog Post
14 Easter Pick-up Lines to Find Eggs With
hide this ad
You Might Also Like...
Tags
NFL Quiz
date
Defeated
last
Playoff
team
Today's Top Quizzes in Sports
Browse Sports
hide this ad
Today's Top Quizzes in NFL
Browse NFL
Top Contributed Quizzes in Sports
1
Les meilleurs buteurs des matchs entre le PSG et l’OM
2
Les entraîneurs de l'OM et du PSG au 21e siècle
3
2022 World Cup Stars
4
Les joueurs passés par le PSG et l'OM
5
Players with Multiple 50 Home Run Seasons
6
FIFA Club World Cup Champions
7
Top 10 NHL Goal Scorers of All Time
8
Les joueurs passés par le LOSC et le RC Lens
9
Criteria MLB: Left Handed Sluggers
10
2023 MLB Unique Player Accomplishments
Explore More
Trending Topics
Disney
NBA
Crossword
Harry Potter
Kpop
Marvel
Anime
WWE
Country
Soccer
Song
Puzzle
Pokémon
The Office
NFL
hide this ad
More By:
theandswer
Quiz
Plays
Rating
Category
Featured
Created
Last Team Defeated in NFL Playoffs
652
4.80
Sports
Jan 3, 2010
1998 NFL Head Coaches
168
2.25
Sports
Jan 22, 2015
1998 MLB Managers
149
4.80
Sports
Jun 28, 2013
#1 Overall Picks Since 2000
36
Sports
Oct 31, 2017
Go to Creator's Profile
Score Distribution
Quiz Creator Spotlight
theandswer
Follow
Send a Message
Quizzes Created
-
Created Quiz Play Count
-
More By This Creator
Popular Quizzes Today
1
Find the US States - No Outlines Minefield
2
Colored Red Africa Blitz
3
Find the 'City' Movie
4
The Countries of the World
5
5x2 Blitz: Bands
6
Find the US States
7
Find the Countries of Europe - No Outlines Minefield
8
US States
More Sports Quizzes
Winter Olympics Mountain Ranges
Curator's Pick
Trending Quizzes
Colored Red Europe Blitz I
Colored Red Europe Blitz II
Colored Red Africa Blitz II
Colored Red Europe Blitz III
Colored Red Africa Blitz III
Recently Updated
Odd Team Out - Big 4 Players
pecheneg
Quick Pick: 20 Twenties
pecheneg
March Madness Men's Triple Doubles
pecheneg
How Do You Spell That?
pecheneg
Godzilla Movies
pecheneg
Grab Bag: 4-10 Letters
pecheneg
2024 March Madness Bracket
pecheneg
Famous TV Couples
Peacemaker
Champions League XIs: Real Madrid
pecheneg
Largest US Cities 1790-2010
pecheneg
Trending Topics
Harry Potter
Crossword
Marvel
NBA
Kpop
Anime
Disney
Pokémon
Country
WWE
NFL
Song
Soccer
Puzzle
The Office
Your Account Isn't Verified!
In order to create a playlist on Sporcle, you need to verify the email address you used during registration. Go to your
Sporcle Settings
to finish the process.
Report this User
Report this user for behavior that violates our
Community Guidelines
.
Details:
Send Report
Go to the Sporcle.com Mobile Site →
Comments